000 00426nam a22001817a 4500
003 MPLRDC
005 20220104155603.0
008 210129b ||||| |||| 00| 0 eng d
020 _a962-929-003-0
082 _a782.866 HBX
100 _a胡冰心
245 _a搏取第一
_c
250 _a初版
260 _a
_b恒明出版有限公司
_c1999
300 _b
650 _a中国传记
942 _cBK
_o782.866 HBX
999 _c54568
_d54558